Pays du monde par étendards présidentiels - Statistiques

Statistiques générales
  • Ce quiz a été pris 32 fois
  • Le résultat moyen est 54 sur 132
Statistiques - réponses
Par images Réponse % Correct
République Démocratique du Congo
86%
Algérie
76%
Finlande
76%
Maroc
76%
Arabie saoudite
71%
France
71%
Pakistan
71%
Suède
71%
Tunisie
71%
Vatican
71%
Bahreïn
67%
Chili
67%
Chypre
67%
Égypte
67%
Estonie
67%
Ghana
67%
Mexique
67%
Monténégro
67%
Serbie
67%
Seychelles
67%
Slovaquie
67%
Argentine
62%
Burkina Faso
62%
Croatie
62%
Danemark
62%
Équateur
62%
États-Unis
62%
Guatemala
62%
Islande
62%
Kazakhstan
62%
Madagascar
62%
Malawi
62%
Portugal
62%
Turquie
62%
Albanie
57%
Allemagne
57%
Bulgarie
57%
Colombie
57%
Eswatini
57%
Haïti
57%
Maldives
57%
Malte
57%
Maurice
57%
Paraguay
57%
Russie
57%
Slovénie
57%
Taïwan
57%
Togo
57%
Angola
52%
Arménie
52%
Azerbaïdjan
52%
Belarus
52%
Émirats Arabes Unis
52%
Espagne
52%
Hongrie
52%
Koweït
52%
Libéria
52%
Nigéria
52%
Zimbabwe
52%
Guyana
48%
Israël
48%
Mauritanie
48%
Moldavie
48%
Tadjikistan
48%
Brunéi
43%
Kenya
43%
Lesotho
43%
Ouzbékistan
43%
Panama
43%
Pologne
43%
République centrafricaine
43%
République tchèque
43%
Singapour
43%
Soudan du Sud
43%
Suriname
43%
Turkménistan
43%
Yémen
43%
Brésil
38%
Érythrée
38%
Grèce
38%
Palestine
38%
Ukraine
38%
Namibie
33%
Ouganda
33%
Vénézuela
33%
Cambodge
29%
Kirghizistan
29%
Kosovo
29%
Luxembourg
29%
Mozambique
29%
Palaos
29%
Irlande
24%
Liechtenstein
24%
Monaco
24%
Oman
24%
São Tomé e Príncipe
24%
Soudan
24%
Tanzanie
24%
Uruguay
24%
Zambie
24%
Belgique
19%
Corée du Nord
19%
Italie
19%
Jordanie
19%
Royaume-Uni
19%
Barbade
14%
Dominique
14%
Gabon
14%
Norvège
14%
Pérou
14%
Rwanda
14%
Tonga
14%
Botswana
10%
Fidji
10%
Japon
10%
Lettonie
10%
Lituanie
10%
Pays-Bas
10%
Malaisie
5%
Philippines
5%
Thaïlande
5%
Vanuatu
5%
Bangladesh
0%
Corée du Sud
0%
Corée du Sud
0%
Côte d’Ivoire
0%
Cuba
0%
Géorgie
0%
Indonésie
0%
La Gambie
0%
Sierra Leone
0%
Trinidad et Tobago
0%
Aucun quiz correspondant
Distribution des résultats
% des personnes avec chaque résultat
Percentile par nombre de réponses
Votre historique - résultats
Vous n’avez pas pris ce quiz